Gospodarze Mundiali 2026-2034 - Statystyki

Ogólne statystyki
  • Ten quiz został rozwiązany 118 razy
  • Średni wynik to 9 z 10
Statystyki odpowiedzi
Rok Państwo % Poprawnych
2026 Kanada
100%
2026 Meksyk
100%
2026 Stany Zjednoczone
100%
2030 Hiszpania
92%
2030 Portugalia
89%
2030 Maroko
88%
2034 Arabia Saudyjska
84%
2030 (1 mecz) Argentyna
79%
2030 (1 mecz) Urugwaj
77%
2030 (1 mecz) Paragwaj
73%
Nie znaleziono quizów pasujących do podanych kryteriów
Rozkład punktacji
Procent ludzi z każdym wynikiem
Percentyl według liczby udzielonych odpowiedzi
Twoja historia wyników
Nie rozwiązałeś tego quizu